000 00676nam a2200205Ii 4500
003 JO-AjNU
008 230605s9999||||xx |||||||||||||| ||und||
017 _a87/8178
040 _aJO-AjNU
_bara
_erda
_cJO-AjNU
041 _aara
050 1 4 _aBP144.K53 1987
100 3 _aكشك، عبد الحميد,
_eauthor
_919948
245 0 0 _aفتاوى الشيخ كشك:هموم المسلم اليومية، ج2
264 3 1 _aالقاهرة: دار المختار الاسلامي، 1987
300 _aج2، 135ص
336 _atext
_btxt
_2rdacontent
337 _aunmediated
_bn
_2rdamedia
338 _avolume
_bnc
_2rdacarrier
650 4 _aالفقه الاسلامي
_919949
999 _aA6674
_c10242
_d10242